The mass media and modern society

Bibliographic Details
Main Authors: Rivers, William L. (Author), Jensen, Jay W. (Author), Peterson, Theodore (Author)
Format: Book
Language:English
Published: San Francisco : Rinehart 1971
Edition:Second edition
Subjects:

MARC

LEADER 00000cam a2200000 7i4500
001 0000004043
005 20240930.0
008 991208 cau eng
020 |a 0030836670 
040 |a INS   |b eng   |e rda 
090 0 0 |a HM258   |b .R497 1971 
100 1 |a Rivers, William L. ,   |e author 
245 1 4 |a The mass media and modern society   |c William L. Rivers, Theodore Peterson, Jay W. Jensen 
250 |a Second edition 
264 1 |a San Francisco :   |b Rinehart   |c 1971 
300 |a x, 342 pages ;   |c 24 cm. 
336 |a text  |2 rdacontent 
337 |a unmediated  |2 rdamedia 
338 |a volume  |2 rdacarrier 
504 |a Includes bibliographical references and index 
650 0 |a Mass media 
700 1 |a Jensen, Jay W. ,   |e author 
700 1 |a Peterson, Theodore ,   |e author 
999 |a 0000001987   |b BOOK   |c Open Shelf   |e Default branch